Crónica de una muerte anunciada /
Versión de la novela del mismo nombre de G.García Márquez. Protagonizada por Rupert Evert, Ornella Muti, G.M.Volonté. Crónica del asesinato de Santiago Nasar, debido a una venganza familiar, por parte de los hermanos Vicario.
Guardado en:
| Autor Principal: | |
|---|---|
| Formato: | |
| Publicado: |
Italia,
1987.
|
| Materias: | |
| Etiquetas: |
Agregar Etiqueta
Sin Etiquetas, Sea el primero en etiquetar este registro!
|
| LEADER | 01005ngm a22002535g 4500 | ||
|---|---|---|---|
| 001 | CEM.cems022099 | ||
| 008 | 130507s1987##################0###0#####d | ||
| 005 | 20241004134930.0 | ||
| 245 | 1 | 0 | |a Crónica de una muerte anunciada / |c Francisco Rossi. |
| 260 | |a Italia, |c 1987. | ||
| 300 | |a 108'. | ||
| 500 | |a En soporte VHS, consultar en ventanilla. | ||
| 538 | |a Soporte: VHS - Norma: Pal N - Color - Grabación DRD 1994 - Hitachi=0000 | ||
| 520 | |a Versión de la novela del mismo nombre de G.García Márquez. Protagonizada por Rupert Evert, Ornella Muti, G.M.Volonté. Crónica del asesinato de Santiago Nasar, debido a una venganza familiar, por parte de los hermanos Vicario. | ||
| 100 | 1 | |a Rossi, Francisco | |
| 082 | C | 8 | |3 .4/ROS |
| 653 | |a LITERATURA | ||
| 653 | |a NOVELA | ||
| 653 | |a GARCIA MARQUEZ, GABRIEL | ||
| 653 | |a CRONICA | ||
| 653 | |a NOVELA LATINOAMERICANA | ||
| 653 | |a CINE | ||
| 653 | |a NIVEL SECUNDARIO | ||
| 859 | |a CEMS |b BIB. CEMS - Depto. Recursos Didacticos |h 863.4 |i ROS |k DRD |p 742.12 |t Ej.1 | ||
